Solutions of problems in structures / (Record no. 3080)

000 -LEADER
fixed length control field 00469nam a22001697a 4500
008 - FIXED-LENGTH DATA ELEMENTS--GENERAL INFORMATION
fixed length control field 200319b ||||| |||| 00| 0 eng d
020 ## - INTERNATIONAL STANDARD BOOK NUMBER
International Standard Book Number 027336099X
082 00 - DEWEY DECIMAL CLASSIFICATION NUMBER
Classification number 624.171076
Item number M3671
100 ## - MAIN ENTRY--PERSONAL NAME
9 (RLIN) 2653
Personal name Marshall, W. T.
245 10 - TITLE STATEMENT
Title Solutions of problems in structures /
250 ## - EDITION STATEMENT
Edition statement 1st ed.
260 ## - PUBLICATION, DISTRIBUTION, ETC. (IMPRINT)
Place of publication, distribution, etc London
Name of publisher, distributor, etc Pitman
Date of publication, distribution, etc 1958
300 ## - PHYSICAL DESCRIPTION
Extent vii, 343 p.
490 0# - SERIES STATEMENT
Series statement Solution of problem series
Volume number/sequential designation 5
650 #0 - SUBJECT ADDED ENTRY--TOPICAL TERM
Topical term or geographic name as entry element Structural Analysis
942 ## - ADDED ENTRY ELEMENTS (KOHA)
Item type Books
Holdings
Withdrawn status Lost status Source of classification or shelving scheme Damaged status Not for loan Permanent location Current location Date acquired Full call number Barcode Date last seen Koha item type
          IMU Kolkata IMU Kolkata 1980-08-18 624.171076 M3671 05152 2020-03-19 Books
Designed and Maintained by IMU-KC Library, Kolkata Campus © Copyright All Rights Reserved

webs counters

Powered by Koha